000 00310nam a22001337a 4500
020 _a0-7097-1575-7
082 _a001
_bSPU/B
100 _aSPURGEON, MAUREEN
245 _aTHE BIG BOOK OF RECORDS
260 _aENGLAND
_bBROWN WATSON
_c2003
300 _a185
650 _aGENERAL KNOWLEDGE
_zENGLAND
942 _cBK
999 _c1887
_d1887